Teaching with the Norton anthology of English literature : (Record no. 25937)

000 -LEADER
fixed length control field 01042cam a2200265 a 4500
001 - CONTROL NUMBER
control field 14689435
005 - DATE AND TIME OF LATEST TRANSACTION
control field 20170201152332.0
008 - FIXED-LENGTH DATA ELEMENTS--GENERAL INFORMATION
fixed length control field 070109s2006 nyu b 001 0 eng
010 ## - LIBRARY OF CONGRESS CONTROL NUMBER
LC control number 2007270818
020 ## - INTERNATIONAL STANDARD BOOK NUMBER
International Standard Book Number 9780393927085 (pbk.)
020 ## - INTERNATIONAL STANDARD BOOK NUMBER
International Standard Book Number 0393927083 (pbk.)
040 ## - CATALOGING SOURCE
Original cataloging agency DLC
Transcribing agency DLC
050 00 - LIBRARY OF CONGRESS CALL NUMBER
Classification number PR51.U5
Item number A73 2006
100 1# - MAIN ENTRY--PERSONAL NAME
Personal name Archimedes, Sondra M.
245 10 - TITLE STATEMENT
Title Teaching with the Norton anthology of English literature :
Remainder of title a guide for instructors /
Statement of responsibility, etc. Sondra Archimedes ... [et al.].
250 ## - EDITION STATEMENT
Edition statement 8th ed.
260 ## - PUBLICATION, DISTRIBUTION, ETC. (IMPRINT)
Place of publication, distribution, etc. New York :
Name of publisher, distributor, etc. W.W. Norton,
Date of publication, distribution, etc. c2006.
300 ## - PHYSICAL DESCRIPTION
Extent xxiii, 774 p. ;
Dimensions 24 cm.
500 ## - GENERAL NOTE
General note "Major Authors 8th ed"--Cover.
504 ## - BIBLIOGRAPHY, ETC. NOTE
Bibliography, etc Includes bibliographical references and index.
650 #0 - SUBJECT ADDED ENTRY--TOPICAL TERM
Topical term or geographic name as entry element English literature
General subdivision Study and teaching (Higher)
Geographic subdivision United States.
730 0# - ADDED ENTRY--UNIFORM TITLE
Uniform title Norton anthology of English literature.
906 ## - LOCAL DATA ELEMENT F, LDF (RLIN)
a 7
b cbc
c orignew
d 2
e ncip
f 20
g y-gencatlg
942 ## - ADDED ENTRY ELEMENTS (KOHA)
Source of classification or shelving scheme
Koha item type Hard Covered Materials
Classification part PR 51 .A73 2006
Holdings
Withdrawn status Lost status Source of classification or shelving scheme Damaged status Not for loan Home library Current library Shelving location Date acquired Total Checkouts Full call number Barcode Date last seen Price effective from Koha item type
          MACHAKOS UNIVERSITY LIBRARY MACHAKOS UNIVERSITY LIBRARY Technical section 01/02/2017   PR 51 .A73 2006 32969 10/07/2018 01/02/2017 Hard Covered Materials
© Machakos University Library, Along The Highway, Machakos Wote Rd, Machakos, Kenya P.O. Box 136 - 90100 Machakos - Kenya

Tel: ( +254 ) 723 805829 OR Fax : 044-20353 OR Email: library@mksu.ac.ke